Comprehensive History General Knowledge - Statistics

General Stats
  • This quiz has been taken 74 times
    65 since last reset
  • The average score is 6 of 39
Answer Stats
Hint Answer % Correct
Occupation of Jesus' father Carpenter
65%
Solver of the Gordian Knot Alexander the Great
53%
Another name for Uluru Ayers Rock
45%
Name of an Egyptian city or Las Vegas hotel Luxor
44%
Won independence from Ottoman Empire, 1830 Greece
40%
Mansa Musa's kingdom Mali
38%
Killed in an Cholame car crash, 1955 James Dean
35%
Hung Jesus on the cross Pontius Pilate
35%
Coined the term "military-industrial complex" Dwight Eisenhower
25%
English king during the English Peasants' Revolt Richard II
25%
Henry VIII's fifth wife Catherine Howard
24%
British political scandal that involved osteopath Steven Ward Profumo affair
18%
King whose death sparked the War of the Spanish Succession Charles II
16%
Henry VIII's court painter Hans Holbein
16%
Kentish peasant of the English Peasants' Revolt Wat Tyler
16%
Type of ship of the above Cruiser
15%
Scuttled in Montevideo harbor, 1939 Admiral Graf Spee
13%
Standard issue German rifle during World War Two Karabiner 98 kurz
13%
"Battle of the Nations" took place here, 1813 Leipzig
13%
Contrary to popular belief, this city's naval guns weren't pointing the wrong way Singapore
11%
Introductory year of the first automatic transmission 1940
9%
Operation to evacuate Dunkirk, 1940 Dynamo
9%
The Holy League's victorious naval battle against the Ottoman Empire Lepanto
9%
Recipient of the phrase "We only have to be lucky once. You will have to be lucky always." Margaret Thatcher
7%
Priestly leader of the English Peasants' Revolt John Ball
4%
Founder of Lollardism John Wycliffe
4%
Only assassinated British PM Spencer Perceval
4%
Spanish colonization system used in South America Encomienda
2%
Dynasty of Frederick II, Holy Roman Emperor Hohenstaufen
2%
Founder of the Ayyubid dynasty Saladin
2%
Venetian Doge from 1455 to 1538 Andrea Gritti
0%
Location of Prince Charles' investiture, 1969 Caernarfon Castle
0%
Hometown of the above person Colchester
0%
Successor to Ivan IV Rurikovich Fyodor I
0%
Founder of the Knights Templar Hugh of Payns
0%
Hutu president during the Rwandan genocide Juvénal Habyarimana
0%
Riot let by Paul Bogle in Jamaica, 1865 Morant Bay Rebellion
0%
Hung the lanterns in the Old North Church Robert Newman
0%
Lower house of the Polish parliament Sejm
0%
No matching quizzes found
Score Distribution
Percent of People with Each Score
Percentile by Number Answered
Your Score History
You have not taken this quiz since the last reset